| 000 | 00390 a2200145 4500 | ||
|---|---|---|---|
| 001 | 164280 | ||
| 020 | _a | ||
| 040 | _cMagnum | ||
| 100 | _aOliveira, Eliezer Rizzo de | ||
| 240 | 1 | 0 |
_aDe geisel a collor: forcas armadas, transicao e democracia _lpor |
| 245 | 1 | 0 | _aDe geisel a collor: forcas armadas, transicao e democracia |
| 362 | 0 | _a1899 | |
| 697 | _aHISTORIA DO BRASIL | ||
| 942 | _cBK | ||
| 999 |
_c164280 _d164280 |
||